Мероприятия по экономии природных ресурсов и охране окружающей среды на Прокопьевском фарфоровом заводе; Проблемы геологии и освоения недр

Dades bibliogràfiques
Parent link:Проблемы геологии и освоения недр.— 2001.— С. 589-590.
Autor principal: Байракова О. Ю.
Altres autors: Молодежникова Л. И. (научный руководитель)
Idioma:rus
Publicat: 2001
Matèries:
Format: MixedMaterials Capítol de llibre
KOHA link:https://koha.lib.tpu.ru/cgi-bin/koha/opac-detail.pl?biblionumber=48242

MARC

LEADER 00000naa2a2200000 4500
001 48242
005 20231031031347.0
035 |a (RuTPU)RU\TPU\book\50518 
035 |a RU\TPU\tpu\9238 
090 |a 48242 
100 |a 20030314d2001 k y0rusy50 ca 
101 0 |a rus 
102 |a RU 
200 1 |a Мероприятия по экономии природных ресурсов и охране окружающей среды на Прокопьевском фарфоровом заводе  |f О. Ю. Байракова  |g науч. рук. Л. И. Молодежникова 
463 1 |0 (RuTPU)RU\TPU\book\41379  |y 5-93629-096-4  |t Проблемы геологии и освоения недр  |o Труды Пятого Международного научного симпозиума им. ак. М. А. Усова студентов, аспирантов и молодых ученых, посвященного 100-летию горно-геологического образования в Сибири, Томск, 9-13 апреля 2001 г.  |f Российское геологическое общество;Томский политехнический университет  |v С. 589-590.  |d 2001  |p 703 с. 
610 1 |a труды учёных ТПУ 
700 1 |a Байракова  |b О. Ю. 
702 1 |a Молодежникова  |b Л. И.  |4 727 
801 1 |a RU  |b 63413507  |c 20020617  |g PSBO 
801 2 |a RU  |b 63413507  |c 20050617  |g PSBO 
942 |c BK